Συστημική σκέψη στη διοίκηση της εκπαίδευσης : διπλωματική εργασία [μεταπτυχιακή εργασία]

Αποθηκεύτηκε σε:
Λεπτομέρειες βιβλιογραφικής εγγραφής
Κύριος συγγραφέας: Κουφάκη, Μαρία
Συγγραφή απο Οργανισμό/Αρχή: Πανεπιστήμιο Αιγαίου Σχολή Ανθρωπιστικών Επιστημών Τμήμα Επιστημών της Προσχολικής Αγωγής και του Εκπαιδευτικού Σχεδιασμού Πρόγραμμα Μεταπτυχιακών Σπουδών Μοντέλα Σχεδιασμού και Ανάπτυξης Εκπαιδευτικών Μονάδων
Άλλοι συγγραφείς: Φεσάκης, Γεώργιος (Εισηγητής διατριβής)
Μορφή: Thesis Βιβλίο
Γλώσσα:Greek
Δημοσίευση: 2013
Θέματα:
Διαθέσιμο Online:http://hdl.handle.net/11610/14262
Ετικέτες: Προσθήκη ετικέτας
Δεν υπάρχουν, Καταχωρήστε ετικέτα πρώτοι!

MARC

LEADER 00000cam a2200000 i 4500
001 1/59560
008 141111s2013 gre d
035 |l 10119718 
040 |a GR-MY-UA  |b gre  |e aacr 
041 0 |a gre 
082 0 |a 371.2  |2 (22) 
100 1 |a Κουφάκη, Μαρία. 
245 1 0 |a Συστημική σκέψη στη διοίκηση της εκπαίδευσης :  |b διπλωματική εργασία [μεταπτυχιακή εργασία] /  |c Κουφάκη Μαρία ; επιβλέπων: Φεσάκης Γεώργιος 
260 |c 2013 
300 |a 79 σ.;  |b πίν., σχεδιαγρ.;  |c 30 εκ. 
500 |a Μέλη εξεταστικής επιτροπής: Δημητρακοπούλου Αγγελική, Καλαβάσης Φραγκίσκος 
502 |a Διατριβή (μεταπτυχιακή) – Πανεπιστήμιο Αιγαίου, Ρόδος, 2014. 
504 |a Βιβλιογραφία: σ. 76-79 
650 0 0 |a School management and organization. 
650 0 0 |a Education. 
650 0 0 |a System analysis. 
650 0 0 |a Dissertations, Academic  |z Greece. 
700 1 |a Φεσάκης, Γεώργιος.  |4 ths 
710 2 |a Πανεπιστήμιο Αιγαίου   |b Σχολή Ανθρωπιστικών Επιστημών   |b Τμήμα Επιστημών της Προσχολικής Αγωγής και του Εκπαιδευτικού Σχεδιασμού   |b Πρόγραμμα Μεταπτυχιακών Σπουδών Μοντέλα Σχεδιασμού και Ανάπτυξης Εκπαιδευτικών Μονάδων . 
852 |a INST  |b RHODES  |c DIATR  |e 20141111  |h 371.2 ΚΟΥ  |p 005400037279  |q 005400037279  |t MTXE  |y 23 
852 |a INST  |b RHODES  |c DIATR  |e 20141111  |h 371.2 ΚΟΥ  |p 005400037280  |q 005400037280  |t MTXE  |y 23 
856 |u http://hdl.handle.net/11610/14262 
901 |a BIBL4-2014-3 
909 |a Ρ  |b 183599 
909 |a Ρ  |b 183600 
924 |a ΚΟΥΦΑΚΗ  |b ΜΑΡΙΑ  |y ΡΟΔΟΣ  |z 2014-04 
970 |z 2014/11/11